| 000 | 00360nam a22001577a 4500 | ||
|---|---|---|---|
| 003 | SGT | ||
| 020 | _a9788185015613 | ||
| 082 | _a005.453,AHO | ||
| 100 | _aAHO,ALFRED.V | ||
| 245 | _aPRINCIPLES OF COMPILER DESIGN | ||
| 250 | _a25TH | ||
| 260 |
_aNEW DELHI _bNAROSA PUBLISHING _c2002 |
||
| 300 | _a612 | ||
| 650 | _aCOMPUTER SCIENCE | ||
| 942 |
_2ddc _cBK _04 |
||
| 999 |
_c21108 _d21108 |
||